|
|
|
|
| LEADER |
00000cac a2200000 a 4500 |
| 001 |
83460 |
| 003 |
Ucuenca |
| 005 |
20230308173612.0 |
| 008 |
000000|1977 ec |||||r|||||||||||spa|| |
| 040 |
|
|
|b spa
|
| 041 |
0 |
|
|a spa
|
| 082 |
0 |
|
|a 330.86
|
| 245 |
|
|
|a Formación económico social ecuatoriana (sociedades primitivas, sociedad incásica, sociedad colonial)
|c Hugo Arias Palacios y Willington Paredes
|h imp
|
| 264 |
|
|
|a Guayaquil
|b Universidad de Guayaquil
|c 1977
|
| 300 |
|
|
|a 423 páginas:
|c 21 cm
|
| 490 |
|
|
|a Cuadernos de Docencia
|p Area de Economía Ecuatoriana
|
| 504 |
|
|
|a incl. ref.
|
| 650 |
1 |
|
|a Ecuador
|9 235188
|
| 650 |
1 |
|
|a Sociedades primitivas
|9 49814
|
| 650 |
1 |
|
|a Sociedad incasica
|9 49815
|
| 650 |
1 |
|
|a Sociedad colonial
|9 49816
|
| 700 |
1 |
|
|a Arias Palacios, Hugo.
|9 58184
|
| 700 |
1 |
|
|a Paredes, Willington
|9 69603
|
| 852 |
|
|
|a UC-CDJBV
|f Compra
|l 1
|m General
|p 00000000
|r 2
|t 83460b
|b 0
|d CDRC
|e CDRC
|g 330.86 ESTANTERIA CERRADA
|z 0000-00-00
|
| 942 |
|
|
|c CR
|
| 999 |
|
|
|c 43839
|d 43839
|